000 01083cad a22002655a 4500
001 E151114
008 101001s2009 xxk f 100 0 eng d
020 _a9781842195192
035 _a(Sirsi) u151114
041 0 _aeng
100 1 _aSuresh, Subashini
_cDr
111 2 _aConstruction and Building Research Conference
_cUniversity of Cape Town
_d10-11 September 2009
245 0 4 _aThe key drivers for leadership skills development practices in the UK construction industry
_ban empirical study
_h[electronic resource]
260 _aLondon
_bRICS
_c2009
520 _aA paper presented at the COBRA Conference in Cape Town on 10-11 September 2009.
590 _aKA
650 2 4 _aCONSTRUCTION AND BUILDING RESEARCH CONFERENCE (COBRA)
651 4 _aUnited Kingdom
_y
690 _aMANAGEMENT-BUSINESS MANAGEMENT
700 1 _aRoden, Stephanie Jane
700 1 _aWadi Al-Khafaji, Amir
700 1 _aRenukappa, Suresh H.
856 4 0 _uhttps://www.rics.org/site/scripts/download_info.aspx?fileID=5067&categoryID=524
_zView the item free of charge at www.rics.org
942 _n0
999 _c111165
_d111165